000 00876nas a2200277 4500
001 BR2013003204
003 BR-BrBNA
005 20231205122357.0
007 ta
008 230509b bl.|||p| |||| 00| 00por d
040 _aBR-BrBNA
_bpor
_cBiblioteca Nacional de Agricultura
041 _a(Pt)
072 _aQ04; Q02
100 1 _aBatista, W.P.
100 1 _aSilva, C.E.M. da
100 1 _aLiberato, M.C.
245 1 _aPropriedades químicas e de pasta dos amidos de trigo e milho fosforilados
650 _aANÁLISE QUÍMICA
650 _aREOLOGIA
650 _aVISCOSIDADE
650 _aPROCESSAMENTO
773 0 _tCiência e Tecnologia de Alimentos (Brazil)
_xISSN 1678-457X
_g(Jan-Mar 2010), V. 30(1) p. 88-93
_wBR2013003204
856 4 0 _uhttp://www.scielo.br/pdf/cta/v30n1/aop_3211.pdf
909 _a202311
_bLúcia
_c55
_dLúcia Elande
942 _2AGRIS
_n0
_cANA
999 _c228334
_d228334